• 首页
  • 本馆介绍
  • 公告通知
  • 最新文献
  • 馆藏检索
  • 电子资源
  • 读者导购
  • 参考咨询
  • 我的图书馆
  • 登录
  • 详细信息显示
  • 放入我的书架
  • 预约/预借图书
  • 作者相关作品
  • 分类相关作品
  • 丛书相关作品
  • 出版社相关作品

书目信息

  • 表格格式
  • 工作单格式
  • 卡片格式
题名:
经世奇谋
    
 
作者: 俞林 撰 ;何鸣 , 李洁 编译
分册:  
出版信息: 北京   北京燕山出版社  1995
页数: 373页
开本: 19cm
丛书名:
单 册:
中图分类: I242.1 , C934
科图分类: 44.535
主题词: 笔记小说--中国--明代--选集 , 决策学
电子资源:
ISBN: 7-5402-0473-7
000 00718nnam 2200265 45
001 1254477181
005 20121003150921.92
010    @a7-5402-0473-7@dCNY13.80
100    @a19960720d1995 em y0chiy0121 ea
101 0  @achi
102    @aCN@b110000
105    @ay z 000fy
200 10 @a经世奇谋@AJING SHI QI MOU@f(明)俞 琳撰@F( MING ) YU LIN ZHUAN@g何 鸣,李 洁编译
210    @a北京@c北京燕山出版社@d1995
215    @a373页@d19cm
606    @a笔记小说@y中国@z明代@x选集
606 0  @a决策学
690    @aI242.1
690    @aC934
692    @a44.535
701  0 @a俞林@AYU LIN@4撰
702  0 @a何鸣@AHE MING@4编译
702  0 @a李洁@ALI JIE@4编译
801  0 @aCN@bTSSF@c19960720
905    @a10447@dC934@eJY90
    
    经世奇谋/(明)俞 琳撰/何 鸣,李 洁编译.-北京:北京燕山出版社,1995
    373页;19cm
    
    
    ISBN 7-5402-0473-7:CNY13.80
    
●
相关链接 在E读中查询图书 在五车中查询图书 在当当中查询图书 在豆瓣中查询图书


正题名:经世奇谋     索取号:C934/JY90         预约/预借

序号 登录号 条形码 馆藏地/架位号 状态 备注
1 7810584   278105845   学院路分馆/ [索取号:C934/JY90] 在馆    
2 7810585   278105854   学院路分馆/ [索取号:C934/JY90] 在馆    
3 7810586   278105863   学院路分馆/ [索取号:C934/JY90] 在馆    
唐山师范学院图书馆 欢迎您!
大连网信软件有限公司© 版权所有